Library Logo

Pioneer International University Library Catalogue

Understanding management / (Record no. 4043)

MARC details
000 -LEADER
fixed length control field 00518nam a2200181 a 4500
005 - DATE AND TIME OF LATEST TRANSACTION
control field 20250901165436.0
008 - FIXED-LENGTH DATA ELEMENTS--GENERAL INFORMATION
fixed length control field 971028s1998 txua b 001 0 eng
010 ## - LIBRARY OF CONGRESS CONTROL NUMBER
LC control number 97065945
020 ## - INTERNATIONAL STANDARD BOOK NUMBER
International Standard Book Number 0030245931
050 00 - LIBRARY OF CONGRESS CALL NUMBER
Classification number HD31 .D138 1998
Item number .D138 1998
082 00 - DEWEY DECIMAL CLASSIFICATION NUMBER
Classification number 658
Edition information 21
100 1# - MAIN ENTRY--PERSONAL NAME
Personal name Daft, Richard L.
245 10 - TITLE STATEMENT
Title Understanding management /
Statement of responsibility, etc. Richard L. Daft, Dorothy Marcic.
250 ## - EDITION STATEMENT
Edition statement 2nd ed.
260 ## - PUBLICATION, DISTRIBUTION, ETC.
Place of publication, distribution, etc. Fort Worth :
Name of publisher, distributor, etc. Dryden Press,
Date of publication, distribution, etc. c1998.
300 ## - PHYSICAL DESCRIPTION
Extent xxxix, 643 p. :
Other physical details col. ill. ;
Dimensions 26 cm.
942 ## - ADDED ENTRY ELEMENTS (KOHA)
Source of classification or shelving scheme Library of Congress Classification
Holdings
Withdrawn status Lost status Source of classification or shelving scheme Damaged status Not for loan Home library Current library Shelving location Date acquired Total checkouts Full call number Barcode Date last seen Price effective from Koha item type
    Library of Congress Classification     Main Library Main Library   04/01/2021   HD31 .D138 1998 PIU0002211 04/01/2021 04/01/2021 Books